000 01100nam a22002297a 4500
001 2162214035923969
003 UA-OsUOA
005 20260504154430.0
008 230817b un ||||| |||| 00| 0 ukr d
040 _aUA-OsUOA
_bukr
_cUA-OsUOA
_dUA-OsUOA
041 _aukr
080 _a37.01
090 _a37.01
245 _aУкраїнські діти — наше майбутнє: діти та молодь в українській літературі
_bзбірник виховних матеріялів і антологія
260 _aТоронто
_bДобра Книжка
_c1979
300 _a299 с.
650 _2UDC
_a37.01 Основи виховання. Теорія. Політика тощо
_925170
700 1 _aЧумак Я.
_eред.
_925171
856 4 0 _uhttps://diasporiana.org.ua/miscellaneous/8666-ukrayinski-diti-nashe-maybutnye-zbirnik-vihovnih-materialiv-i-antologiya-diti-ta-molod-v-ukrayinskiy-literaturi/
942 _2udc
_cBK
999 _c574904
_d574904